| 000 | 00392nam a2200145Ia 4500 | ||
|---|---|---|---|
| 008 | 210210b1976 xxu||||| |||| 00| 0 eng d | ||
| 082 | _a530.41 ASHS | ||
| 100 | _aASHCROFT (Neil W) and MERMIN (N David). | ||
| 245 | _aSolid state physics | ||
| 260 |
_aTokyo _bSaunders College _c1976 |
||
| 300 | _axxi,826 | ||
| 650 | _aSolid State Physics | ||
| 690 | _aSolid State Physics | ||
| 906 | _a035992 | ||
| 999 |
_c86549 _d86549 |
||